Using technology in the classroom

সংরক্ষণ করুন:
গ্রন্থ-পঞ্জীর বিবরন
প্রধান লেখক: Bitter, Gary G.
বিন্যাস: গ্রন্থ
ভাষা:Undetermined
প্রকাশিত: Boston Pearson 2006
বিষয়গুলি:
ট্যাগগুলো: ট্যাগ যুক্ত করুন
কোনো ট্যাগ নেই, প্রথমজন হিসাবে ট্যাগ করুন!
Thư viện lưu trữ: Trung tâm Học liệu Trường Đại học Cần Thơ
LEADER 00558nam a2200193Ia 4500
001 CTU_117863
008 210402s9999 xx 000 0 und d
020 |c 39.65 
082 |a 371.33 
082 |b B624 
100 |a Bitter, Gary G. 
245 0 |a Using technology in the classroom 
245 0 |c Gary G. Bitter, Jane M. Legacy 
260 |a Boston 
260 |b Pearson 
260 |c 2006 
650 |a computer-assisted instruction,microcomputers,educational technology 
904 |i Tuyến 
980 |a Trung tâm Học liệu Trường Đại học Cần Thơ